[Event "Lausanne YM 4th"]
[Site "Lausanne"]
[Date "2003.09.19"]
[Round "2.1"]
[White "McShane, Luke J"]
[Black "Mamedyarov, Shakhriyar"]
[Result "1/2-1/2"]
[WhiteElo "2619"]
[BlackElo "2585"]
[Annotator "McShane,L"]
[PlyCount "112"]
[EventDate "2003.09.17"]
[EventType "k.o."]
[EventRounds "3"]
[EventCountry "SUI"]
[SourceTitle "CBM 098"]
[Source "ChessBase"]
[SourceDate "2004.02.03"]
[SourceVersion "1"]
[SourceVersionDate "2004.02.03"]
[SourceQuality "1"]

1. e4 e5 2. Nf3 Nc6 3. Bb5 Nf6 4. O-O Nxe4 5. d4 Nd6 6. Bxc6 dxc6 7. dxe5 Nf5
8. Qxd8+ Kxd8 9. Nc3 Ne7 10. h3 h6 11. b3 Ng6 12. Bb2 Ke8 13. Ne4 Bd7 14. Rfe1
c5 15. Rad1 Rd8 16. c4 Nf4 17. Bc1 Ne6 18. Nc3 Be7 19. Nd5 Bc6 20. Rd3 Bxd5 (
20... Bg5) 21. Rxd5 c6 (21... Nd4) 22. Rxd8+ (22. Rdd1) 22... Kxd8 23. Rd1+ Kc7
24. Bb2 (24. g4 {[%cal Yg1g3]}) 24... b5 25. Kf1 Rb8 26. Bc3 Kc8 27. g3 Rb6 28.
Ra1 f5 29. Ke2 b4 30. Bb2 a5 31. a4 (31. a3) 31... Rb7 (31... bxa3 32. Rxa3 a4
33. Nd2 axb3 34. Rxb3 Ra6 35. Ra3 Rb6 36. Bc3) 32. Ne1 Rd7 33. Ng2 Bf8 (33...
Ng5 34. Nf4 Ne4 35. Nd3 Bg5 36. h4 Bd2) 34. Nh4 f4 35. Ng6 fxg3 36. fxg3 (36.
f4 Rf7 37. Ke3 Nd4 (37... Be7 {[%cal Ye6f4]} 38. Rg1 Nxf4 39. Nxe7+ Kd7 40. e6+
) 38. Bxd4 cxd4+ 39. Kd3) 36... Rf7 37. Rd1 Kc7 38. h4 Be7 39. Rd3 Kc8 (39...
Nf8 40. e6 Nxe6 41. Ne5 Bf6 42. Nxf7 Bxb2 {[%csl Rb3][%cal Ye6d4,Yb2c3]}) 40.
Nh8 (40. Rf3 Rxf3 41. Kxf3 Kd7 42. Ke4) 40... Rf8 41. Ng6 Re8 (41... Rf7) 42.
Rf3 Bd6 43. Rf7 (43. exd6 Nd4+ 44. Kf2 Re2+ (44... Nxf3 45. Kxf3) 45. Kf1 Rxb2
46. Rf7 Rxb3 47. Ne5 Rb1+ (47... Re3 48. Rc7+ Kb8 49. Nd7+ Ka8 50. Nxc5) 48.
Kg2 Re1 49. Rf8+ (49. Rc7+ Kb8 50. Nd7+ Ka8 51. Nxc5) 49... Kb7 50. d7 Ne6 51.
Re8 Rxe5 52. Rxe6) 43... Bc7 (43... Nd4+ 44. Bxd4 cxd4 45. Rf5 (45. Kd3 Bxe5
46. Nxe5 Rxe5 47. Kxd4 Re1 48. Kc5 Re3)) 44. Ne7+ Kb7 45. Nf5 Kb6 46. Nxg7 (46.
Ke3 Nd4) (46. Re7 Rxe7 47. Nxe7 Bd8) 46... Nxg7 47. Rxg7 Bxe5 48. Bxe5 Rxe5+
49. Kf2 Rf5+ 50. Kg2 Re5 51. Rf7 h5 52. Kf2 Re8 53. Rf4 (53. Rf5 Rd8 54. Rxh5
Rd2+ (54... Rd3 55. Re5 Rxb3 56. h5)) (53. Rf3 Rd8 (53... Rg8) 54. g4 Rd4 (
54... hxg4 55. Re3) 55. g5) 53... Rd8 54. Ke2 (54. g4 hxg4 55. Rxg4 Rd2+) 54...
Re8+ 55. Kd3 Rg8 56. Rf3 (56. g4 hxg4 57. Ke2 g3 58. Kf1 g2+ 59. Kg1 Rg3 60. h5
Rh3) 56... Kc7 1/2-1/2

[Event "Bundesliga 0809"]
[Site "Germany"]
[Date "2008.10.26"]
[Round "4.1"]
[White "Stellwagen, Daniel"]
[Black "Efimenko, Zahar"]
[Result "1/2-1/2"]
[WhiteElo "2605"]
[BlackElo "2680"]
[Annotator "Meyer,CD"]
[PlyCount "155"]
[EventDate "2008.10.03"]
[EventType "team-tourn"]
[EventRounds "15"]
[EventCountry "GER"]
[SourceTitle "CBM 126 Extra"]
[Source "ChessBase"]
[SourceDate "2008.11.05"]
[SourceVersion "1"]
[SourceVersionDate "2008.11.05"]
[SourceQuality "1"]
[WhiteTeam "Solingen"]
[BlackTeam "Werder Bremen"]
[WhiteTeamCountry "GER"]
[BlackTeamCountry "GER"]

1. e4 e5 2. Nf3 Nc6 3. Bb5 Nf6 4. O-O Nxe4 5. d4 Nd6 6. Bxc6 dxc6 7. dxe5 Nf5
8. Qxd8+ Kxd8 9. Nc3 h6 10. h3 Bd7 11. b3 b6 12. Bb2 Kc8 13. Rad1 c5 {Eine
bekannte Stellung aus dem berühmten Endspiel der Berliner Variante im Spanier,
doch diese frühe Schwächung des Feldes d5 wurde bisher meistens vermieden und
fast ausschließlich durch 13...Ne7! ersetzt, womit Schwarz die Umgruppierung
c5/Bc6/Kb7 plant, vorerst aber Weiß an Nd5 hindert.} ({Eine andere Möglichkeit
mit zurückgehaltenem ...c5 ist} 13... a5 {, z.B.} 14. Rd3 (14. a4 $5 Ne7 15.
Rd2 c5 16. Rfd1 $14 {, Coenen-Yeke, Izmir 2004}) 14... Be7 15. Rfd1 Rd8 16. a4
Be6 17. Ne2 Rxd3 18. Rxd3 c5 $14 {, Dominguez-Dzhakaev, Linares 2002, ECO/C5})
14. Nd5 {Zu dieser Stellung liegen bislang nur wenige Erfahrungen vor.} a5 ({I
} 14... Bc6 15. c4 Kb7 16. g4 Ne7 17. Nh4 Bxd5 18. cxd5 Rd8 19. d6 (19. e6 $5
f6 20. Ng2) 19... cxd6 20. Rxd6 Nc6 (20... Rxd6) 21. Rxd8 Nxd8 22. f4 $14 {
remis/45, Mista,A (2467)-Deszczynski,A (2341), Wysowa 2003}) ({II} 14... Rg8
15. Rd2 (15. Rd3 Ne7 16. Nf4 Nc6 17. e6 fxe6 18. Re1 Bd6 19. Nxe6 g6 (19... g5)
20. a3 a5 21. Nd2 Re8 22. Rde3 a4 23. Nc4 axb3 24. cxb3 b5 25. Nxd6+ cxd6 26.
Nf4 Rxe3 27. Rxe3 g5 28. Nd5 Kb7 29. g4 Re8 30. Rf3 $2 Re1+ 31. Kg2 Ne5 (31...
Nd8 $1 32. Re3 Rb1 $17) 32. Rf6 $4 Bc6 $19 33. Rxd6 Nf7 {0-1/44, Zhornik,N 
(2292)-Kilimar,V (2050), Simferopol 2004}) (15. c4 $5) 15... Bc6 16. c4 Kb7 17.
Kh2 a5 18. a4 Re8 19. g4 Ne7 20. Nh4 h5 21. f4 (21. g5) 21... hxg4 22. hxg4 Rd8
23. Rfd1 g5 24. fxg5 Rxg5 (24... Bxd5) 25. Nxe7 Rxd2+ 26. Rxd2 Bxe7 27. Nf5 Bf8
28. Kg3 Kc8 29. Rh2 $14 {1-0/41, Rudolf,H (2346)-Suchin,D (2276), Germany 2005}
) 15. a4 ({Die Standardreaktion, um a5-a4 nebst Öffnung der a-Linie zu
vermeiden, indes ermöglicht sie ohne weiteres den folgenden Hebel. Auf} 15. Rd2
{kann durchaus} a4 $132 {folgen, z.B.} 16. Rfd1 Bc6 (16... Be6 $5) 17. c4 axb3
18. axb3 Kb7 19. g4 Ne7 20. Kg2 Ra2 21. Kg3 $6 (21. e6 $142 $5 {trotz der
Fesselung} fxe6 (21... Bxd5 22. cxd5 f6 23. Nh4) 22. Nf4) 21... b5 $2 (21...
Nxd5 22. cxd5 Bxd5 23. Rxd5 Rxb2 24. Rd8 g5 25. Re8 f6 $1 26. Rdd8 fxe5 27.
Rxf8 Rxf8 28. Rxf8 Rxb3 29. Kg2 c4 $15) 22. Nc3 Ra5 23. cxb5 Bxb5 24. Rc2 (24.
Rd8) (24. Nxb5) 24... Bc6 25. Nd2 Ng6 26. Nc4 Ra8 27. Nd5 $14 {1-0/54,
Zhigalko,A (2538)-Podolchenko,E (2429), Minsk 2007}) 15... c4 $5 ({Diese
Auflösung des Doppelbauern mit Lockerung des weißen Damenflügels plus
Diagonalöffnung für den Bf8 wirkt konsequent, zumal Weiß dort die Stellung
nach beispielsweise} 15... Ne7 {mit} 16. c4 {geschlossen halten könnte;
andererseits kostet das schwarze Vorgehen auch Zeit, die Weiß aufgrund seines
Entwicklungsvorsprungs energisch nutzen sollte.}) 16. e6 $6 ({Zu forsch,
besser war der Einschub von} 16. g4 $142 Ne7 17. Nf4 $14 {, was das schwarze
Konzept eher in Frage gestellt hätte} (17. e6)) 16... fxe6 (16... Bxe6 17. Nf4
(17. bxc4 $6) 17... Bd7 18. Ne5 Nd6 19. Rfe1 Bf5 $13) 17. Nf4 cxb3 18. cxb3 Bd6
19. Ng6 Rg8 20. Nfe5 Be8 21. g4 Bxe5 22. Nxe5 Ne7 23. Rfe1 Nd5 $15 {Nun läuft
Weiß seinem Minusbauern hinterher und ist bemüht, ausreichend Kompensation zu
finden.} 24. Nf3 Nf4 25. Nd4 Bd7 $6 ({Hier war konkrete Variantenberechnung
angesagt:} 25... Nxh3+ $1 26. Kg2 (26. Kf1 $2 Rf8 27. Rd2 Bd7 28. Nxe6 Rf7)
26... Nf4+ 27. Kg3 g5 28. Nxe6 (28. Bc1 Bd7) 28... Nxe6 29. Rxe6 Bf7 30. Rxh6 (
30. Re3 Rg6) 30... Bxb3 31. Rc1 Kb7 $15 (31... Bxa4 $6 32. Rxb6)) 26. Bc1 {
Wonach sich der kleine schwarze Vorteil verflüchtigt.} Rf8 (26... Nxh3+ 27. Kg2
Ng5 28. Kg3 Re8 29. Bxg5 hxg5 30. Nf3 $13 {/=}) 27. Bxf4 Rxf4 28. Rd3 Rf6 29.
Rde3 Kb7 30. Nxe6 $11 g5 31. Kg2 c5 32. Kg3 Rc8 {Um die Schattenseite des
Zuges a2-a4 mit dem Hebel c4 aufzuzeigen.} 33. f4 $1 {Mobilisiert rechtzeitig
seine Bauernmajorität am Königsflügel.} gxf4+ (33... Bxe6 34. fxg5 hxg5 35.
Rxe6 Rxe6 36. Rxe6 c4 37. bxc4 Rxc4 38. Re5 Rxa4 39. Rxg5 $13 {/=}) 34. Nxf4 c4
35. Re7 $6 ({Bei nahender Zeitkontrolle beginnt Weiß plötzlich zu schwächeln.
Nach} 35. Rd1 $142 Rf7 (35... Be8 36. Re7+ Ka6 37. Nd5 $13 {/=}) 36. Nd5 h5 37.
Re7 Rcf8 38. bxc4 hxg4 39. hxg4 Rxe7 40. Nxe7 Bxa4 $13 {/= dürfte das
Gleichgewicht in etwa gewahrt sein.}) 35... Rd6 36. bxc4 Rxc4 37. R1e4 $2 ({
Ein Knackpunkt: Erforderlich war das resolute} 37. h4 {zwecks unverzüglicher
Schaffung eines Freibauern:} Ka6 (37... Rxa4 38. g5 $11) 38. g5 hxg5 39. hxg5
Bxa4 40. g6 Bb3 (40... Rxf4 41. Kxf4 Rxg6 42. R7e6 Rxe6 43. Rxe6 $11 {Datenbank
}) 41. g7 a4 $15) 37... Rxe4 38. Rxe4 Bc6 39. Rc4 Rd1 40. h4 ({Dies sollte
jetzt zu spät kommen, während} 40. Ne6 {wegen} Bd5 41. Rd4 (41. Nd8+ Ka6) 41...
Bb3 42. Re4 Ra1 43. h4 (43. Nd4 Bxa4) 43... Rxa4 $17 {/-+ ebenso unzureichend
erscheint.}) 40... Rg1+ 41. Kh3 Ra1 42. g5 (42. Ne6 Bxa4 (42... Rxa4 $4) 43.
Rc7+ Ka6 44. Rh7 Bc2 45. Rxh6 a4 $17 {/-+}) 42... hxg5 43. hxg5 Rxa4 $2 ({
Mit dieser Unachtsamkeit tappt Efimenko in eine tückische Falle und bringt
sich um die Früchte seiner Mühen. Korrekt war das Zwischenschach} 43... Ra3+ $1
{, und nach} 44. Kh4 (44. Kg4 Bd7+ 45. Kh4 {/Kh5} Rxa4) 44... Rxa4 45. Rxa4
Bxa4 {mit dem Plan Bb3, a4 stünde der schwarze Gewinn außer Frage.}) 44. Rxc6
$8 {!! Eine prächtige Riposte, die Schwarz völlig übersehen hatte. Plötzlich
bildet der g-Bauer ein ausreichendes Gegengewicht.} Rxf4 ({Mit Übergang in ein
Turmendspiel, das zumindest wesentlich chancenreicher und gehaltvoller ist als
} 44... Kxc6 45. g6 {mit forciertem Remis:} Ra3+ (45... Re4 $2 46. g7 $8 Rxf4 (
46... Re8 $2 47. Ng6 $8 Kd6 48. Nf8 $18) 47. g8=Q Rb4 $11 {/Rd4=/Rf3=, lt.
Datenbank}) 46. Kh2 Ra2+ 47. Kg1 Ra3 48. Kf2 Ra2+ 49. Ke3 Ra3+ 50. Nd3 Ra1 51.
Kf2 Ra2+ 52. Kf1 $11 (52. Kf3 $4 Rd2)) 45. Rf6 $8 ({Ein tödlicher Tempoverlust
wäre} 45. Rc1 $2 {wegen} b5 46. g6 Rf8 47. Kh4 b4 48. Kh5 Ka6 (48... Kb6) 49.
g7 Rg8 50. Kh6 a4 $19 (50... b3 $19)) 45... Rd4 46. g6 Rd8 47. g7 Rg8 48. Rf7+
Ka6 (48... Kc6 {bringt auch nicht mehr:} 49. Kg2 (49. Kh4 $2 b5 50. Kh5 (50.
Kg5 b4 51. Kf5 b3 $19) 50... b4 51. Kh6 b3 52. Rf8 Rxg7 53. Kxg7 a4 $19 54. Rb8
Kc5 55. Kf6 Kc4 56. Ke5 Kc3 (56... a3) 57. Rc8+ Kb2 58. Kd4 a3 $8 59. Kc4 Ka2
$8 60. Kb4 b2 $8 61. Rc2 Ka1 $8 {und gewinnt}) (49. Kg4 b5 50. Kf5 b4 51. Ke4
Kb5 52. Kd3 Ka4 53. Kc2 Ka3 54. Kb1 $11) 49... a4 (49... b5 50. Kf2 Kc5 (50...
b4 51. Ke2 a4 52. Kd2 $11) 51. Ke2 Kc4 52. Kd2 Kb3 53. Kc1 a4 54. Kb1 $11) 50.
Kf2 a3 (50... b5 51. Ke2 $11) 51. Ke3 a2 52. Ra7 Rxg7 53. Rxa2 $11 {und hier
fehlt Schwarz zum Sieg ein Tempo.}) 49. Kg2 $2 ({Nun ist die Chose richtig
kompliziert geworden. Indes hat Weiß die falsche Rollenverteilung gewählt,
denn hier mußte der König seinen Bauern g7 unterstützen und mit dem Turm den
a-Bauern stoppen, um haarscharf den Remishafen zu erreichen:} 49. Kh4 $1 {/Kg4!
} a4 (49... b5 50. Kh5 b4 51. Kh6 b3 52. Rf8 Rxg7 53. Kxg7 a4 {, doch während
dieselbe Stellung nur mit dem schwarzen König auf c6 statt auf a6 für Schwarz
gewonnen wäre - siehe die Variante 48...Kc6 49.Kh4?/53...a4 -, hält Weiß hier
remis, weil der schwarze König auf der a-Linie abgeklemmt ist und nicht vor
seine Bauern gelangt:} 54. Rb8 $11 {, z.B.} Ka5 55. Kf6 b2 (55... a3 56. Rxb3
Ka4) 56. Rxb2 a3) 50. Kh5 {/Kg5 und nun:} a3 ({oder} 50... b5 51. Kh6 {/Kg6} b4
52. Rf8 (52. Kh7 $4 Rxg7+ 53. Rxg7 b3 $19) 52... Rxg7 53. Kxg7 $11 {, z.B.} a3
54. Rb8 Ka5 55. Ra8+ Kb5 56. Kf6 Kc4 57. Ke5 b3 (57... Kb3 58. Kd4) 58. Rxa3 b2
59. Ra4+ $8 Kc3 60. Ra3+ $8 Kb4 (60... Kc2 61. Ra2) 61. Ra8) 51. Kh6 a2 52. Rf1
Kb5 53. Kh7 Ra8 54. g8=Q Rxg8 55. Kxg8 $11 {, z.B.} Kc4 56. Kf7 (56. Ra1) 56...
b5 57. Ra1 Kb3 58. Ke6 $8 Kb2 59. Rd1 (59. Rxa2+ $4) 59... a1=Q 60. Rxa1 Kxa1
61. Kd5 $11) 49... a4 50. Kf2 b5 $2 ({Zum Leidwesen der Werderaner gehen damit
beide Mannschaftspunkte verloren. Efimenko verpaßt zum zweiten Mal den
Gewinnweg, der jetzt allerdings äußerst schmal ist und über} 50... a3 $8 {
! geht, z.B.} 51. Rf3 (51. Ke3 a2 {In der vorigen Variante 48...Kc6/49.Kg2/51..
.a2 konnte Weiß mit Ra7 remis halten, im vorliegenden Fall kommt er mit dem
umständlichen Prozedere Rf1 plus Ke3-d3-c3 um das entscheidende Tempo zu spät.}
52. Rf1 (52. Rf8 Rxg7 $19 (52... a1=Q $19)) 52... Rxg7 $19 53. Kd3 (53. Ra1 Rg2
54. Kd3 Ka5) 53... Kb5 54. Kc3 Ra7 55. Ra1 Ra3+ {usw.}) 51... Rxg7 52. Rxa3+
Kb5 {Zwar "-+ " lt. Datenbank, aber bei bester Verteidigung ist die
Beweisführung sehr schwierig, man sehe:} 53. Ra1 (53. Rb3+ Kc5 54. Rb1 (54. Ke2
Rd7 $8 55. Rc3+ Kb4 $8 56. Rc1 b5 $19) 54... b5 55. Ke3 (55. Rc1+ Kb4 56. Rb1+
Kc4 57. Rc1+ Kd3 58. Rb1 Rb7 59. Ke1 b4 60. Kd1 Rd7 (60... Kc3) 61. Ke1 Kc3 62.
Rc1+ Kb2 63. Rc8 b3 {usw.}) 55... Rg3+ $8 56. Kd2 Kc4 $8 57. Rc1+ Kb4 58. Rb1+
Rb3 59. Rh1 Ka3 60. Kc1 b4 61. Rh2 Rg3 62. Rh1 Ka2 63. Rh2+ Ka1 64. Rh4 Rb3 65.
Kc2 Ka2 66. Rc4 Rb1 67. Kd3 b3 {usw.}) (53. Ke2 Kb4 $8 (53... Rd7 $2 54. Ra1
$11 Kb4 55. Rb1+ Kc5 56. Rc1+ Kd5 57. Rd1+ Kc6 58. Rxd7 Kxd7 59. Kd3 Kc6 60.
Kc4) 54. Ra1 Rg2+ 55. Kd3 Rb2 56. Kd4 b5 57. Rc1 Rd2+ 58. Ke3 Rd5 59. Ke4 Rh5
60. Kd3 Rh3+ 61. Kd4 Ka3 62. Ra1+ Kb2 63. Rg1 b4 64. Rg2+ Ka3 65. Rg8 b3 66.
Kc4 Kb2 {usw.}) 53... Kc4 54. Rc1+ Kd3 $8 55. Rb1 Rb7 56. Ke1 b5 57. Kd1 Kc3 $8
58. Rc1+ Kb3 $8 59. Rc8 b4 60. Kc1 Rh7 61. Rb8 Rh1+ 62. Kd2 Rb1 {usw. mit
technischem Gewinn}) 51. Ke2 a3 52. Kd3 a2 53. Rf1 Rxg7 ({Oder} 53... Ka5 54.
Kc3 $11 {/Kc2=} (54. Rf7 $4 Kb4 $19) 54... Rxg7 55. Kb2 (55. Kb3 Rg2 56. Ra1
Rh2 57. Rc1 (57. Rxa2+ $4 Rxa2 58. Kxa2 Ka4 59. Kb2 Kb4 $19) 57... Rg2 58. Ra1)
55... Rg2+ 56. Ka1 b4 57. Rf2 Rxf2 {patt}) 54. Ra1 $11 {Trotz zweier
Mehrbauern ist dies eine Remisstellung, ähnlich wie vorher gezeigt, doch
Schwarz kann freilich noch etwas bohren.} Ka5 (54... Rg2 55. Kc3 $8 Ka5 56. Kb3
$8 Rf2 57. Ka3 (57. Rc1)) 55. Kc3 $8 ({Bloß nicht} 55. Rxa2+ $2 Kb4 $19 {, z.B.
} 56. Ra1 (56. Rb2+ Ka4) 56... Rg3+ 57. Kd2 Rg2+ 58. Kd3 Kb3 59. Rb1+ Rb2 60.
Rc1 b4 61. Rc8 Rh2 62. Rb8 Ka3 63. Kc4 Rh4+ 64. Kd3 b3 {usw.}) 55... Rg3+ 56.
Kb2 Ka4 57. Rf1 Ra3 58. Ka1 b4 59. Rf8 Kb5 60. Rf5+ Kc6 61. Rf6+ Kd5 62. Rf5+
Ke4 63. Rb5 Ra4 64. Rb8 Kd4 65. Rh8 Ra6 66. Rh4+ Kc5 67. Rh5+ Kc4 68. Rh4+ Kb5
69. Rh5+ Ka4 70. Kxa2 Rg6 71. Rh3 Rg2+ 72. Kb1 Re2 73. Rg3 b3 74. Rg8 b2 75.
Ra8+ Kb4 76. Rb8+ Kc4 77. Rxb2 Rxb2+ 78. Kxb2 {Bis zur letzten Patrone
ausgekämpft und von Daniel Stellwagen bravourös verteidigt!} 1/2-1/2

[Event "October Revolution 60years"]
[Site "Leningrad"]
[Date "1977.07.16"]
[Round "15"]
[White "Balashov, Yuri S"]
[Black "Knezevic, Milorad"]
[Result "1-0"]
[WhiteElo "2565"]
[BlackElo "2500"]
[Annotator "Moiseev,V"]
[PlyCount "101"]
[EventDate "1977.06.25"]
[EventType "tourn"]
[EventRounds "17"]
[EventCountry "URS"]
[EventCategory "13"]
[SourceTitle "MCL"]
[Source "ChessBase"]
[SourceDate "1999.07.01"]
[SourceVersion "1"]
[SourceVersionDate "1999.07.01"]
[SourceQuality "1"]

1. e4 e5 2. Nf3 Nc6 3. Bb5 Nf6 4. O-O Nxe4 5. d4 Be7 6. Qe2 Nd6 7. Bxc6 bxc6 8.
dxe5 Nb7 9. Re1 O-O 10. Nc3 Nc5 (10... Re8 $6 11. Qc4 Nc5 {Huebner,R-Spassky,B/
Venezia(m/1)/1989/1:0/ (42) Inf 47/408/} 12. Ng5 Ne6 (12... Bxg5) 13. Nxe6 fxe6
14. Be3 Rb8 15. b3 Rb4 16. Qd3 d6 (16... d5 17. Na4 $16) 17. Ne4 $16 {Huebner/}
) 11. Be3 (11. Bf4 $5 Ne6 12. Bg3 Rb8 {N} (12... d5 13. exd6 cxd6 14. Rad1 $16)
13. b3 f5 14. exf6 Bxf6 15. Ne5 Bxe5 16. Qxe5 d6 17. Qa5 $5 a6 18. Rad1 $14 {
Geller,E-Benko,P/Bad Woerishofen/1992/ Inf 57/331/}) 11... Ne6 12. Rad1 d5 (
12... Rb8 $5) 13. exd6 cxd6 14. Nd4 Nxd4 (14... Bd7 $5 15. Nf5 d5 16. Nxe7+
Qxe7 17. Qd2 Rfd8 $5 18. Ne2 Qf6 $10 {Lau,R-Sharif,Me/Mitropa-Cup/1988/0,5/ 
(18)}) 15. Bxd4 Re8 (15... Be6 16. Qf3 d5 17. Qg3 Bf6 18. Ne2 $14 {Krogius/})
16. Qf3 d5 17. Na4 Bf8 18. Qc3 (18. Bc5 $1 Rxe1+ (18... Bd7 19. Qc3 $16) 19.
Rxe1 Bg4 20. Qxg4 (20. Qc3 $5) (20. Qe3 $5) 20... Qa5 21. c3 Bxc5 22. Nxc5 Qxc5
23. Qd7 $16 {Tal,M-Portisch,L/Bruxelles/1988/0,5/ (27) Inf 45/375/}) 18... Bd7
$6 (18... Rxe1+ $5 19. Rxe1 Qg5 $1 {Yudovich/} 20. h3 (20. Qxc6 $2 Bh3 21. g3
Rc8 22. Qa6 Qd2) (20. Be3 Qg6 $10) 20... Bf5 $10) 19. Rxe8 Qxe8 20. Re1 $16 Qb8
(20... Be6 21. Re3 $16) 21. Bc5 Bd6 22. h3 Bh2+ $6 (22... h6 $16) 23. Kh1 Bf4
24. Bd4 f6 25. Nc5 Qd6 26. Nd3 Bh6 27. Bc5 Qb8 28. Re7 Bf5 29. Bd4 Qd6 30. Qe1
$5 (30. Rxa7 $16) 30... Be4 (30... Bd7 31. Bc5 Qc7 32. Qe6+ Bxe6 33. Rxc7 $18)
31. Bc5 Qb8 32. f3 Bf5 (32... Bxd3 33. Qe6+ Kh8 34. cxd3 $18) 33. Bxa7 $1 $18
Qc8 34. Bc5 g6 35. Qh4 Bg7 36. a3 g5 37. Qg3 Bxd3 38. cxd3 Bf8 39. Rc7 Qe6 40.
Bxf8 Rxf8 41. d4 Qe2 42. b4 Qd1+ 43. Kh2 Qxd4 44. Rxc6 Re8 45. b5 Kf7 46. b6
Re7 47. a4 Kg6 (47... Qxa4 48. Rc7 $18) 48. a5 Qa1 49. f4 h6 (49... Qxa5 50.
Qxg5+ $18) 50. f5+ Kxf5 51. Qd3+ 1-0